000 00260nam a22001217a 4500
008 170614b xxu||||| |||| 00| 0 eng d
041 _aeng
080 _a32
100 _a19
101 _ashp
245 _aTHE CHARISMANTIC BOND
_cMADSEN.D
942 _2udc
_cBK
999 _c17393
_d17393